| 000 | 01315cam a22002174a 4500 | ||
|---|---|---|---|
| 005 | 20250605164310.0 | ||
| 008 | 250528s ||||||||||||||||||||||||d | ||
| 035 | _a22450 | ||
| 020 | _a9789601213996 | ||
| 040 |
_aGR-AtMCL _bgre _dGR-AtMCL _eAACR2 |
||
| 245 | 1 | _aΟΔΟΠΟΙΙΑ: Η ΚΑΤΑΣΚΕΥΗ ΤΩΝ ΟΔΙΚΩΝ ΕΡΓΩΝ | |
| 250 | _a2 | ||
| 260 |
_bUniversity Studio Press, _c2007 |
||
| 300 | _a462 | ||
| 505 | 0 | _aΓΕΩΚΑΤΑΣΚΕΥΕΣ ΚΑΙ ΤΕΧΝΙΚΑ ΕΡΓΑ ΓΕΩΛΟΓΙΚΗ ΚΑΙ ΓΕΩΤΕΧΝΙΚΗ ΑΝΑΓΝΩΡΙΣΗ ΟΔΙΚΩΝ ΧΑΡΑΞΕΩΝ ΕΔΑΦΟΣ-ΠΡΟΕΛΕΥΣΗ ΚΑΙ ΦΥΣΙΚΕΣ ΙΔΙΟΤΗΤΕΣ ΠΑΡΑΜΕΤΡΟΙ ΜΗΧΑΝΙΚΗΣ ΑΝΤΟΧΗΣ ΤΟΥ ΕΔΑΦΟΥΣ ΜΗΧΑΝΙΚΗ ΣΥΜΠΕΡΙΦΟΡΑ ΓΕΩΚΑΤΑΣΚΕΥΩ | |
| 520 | _aΓΕΩΚΑΤΑΣΚΕΥΕΣ ΚΑΙ ΤΕΧΝΙΚΑ ΕΡΓΑ ΓΕΩΛΟΓΙΚΗ ΚΑΙ ΓΕΩΤΕΧΝΙΚΗ ΑΝΑΓΝΩΡΙΣΗ ΟΔΙΚΩΝ ΧΑΡΑΞΕΩΝ ΕΔΑΦΟΣ-ΠΡΟΕΛΕΥΣΗ ΚΑΙ ΦΥΣΙΚΕΣ ΙΔΙΟΤΗΤΕΣ ΠΑΡΑΜΕΤΡΟΙ ΜΗΧΑΝΙΚΗΣ ΑΝΤΟΧΗΣ ΤΟΥ ΕΔΑΦΟΥΣ ΜΗΧΑΝΙΚΗ ΣΥΜΠΕΡΙΦΟΡΑ ΓΕΩΚΑΤΑΣΚΕΥΩ | ||
| 700 | 1 |
_aΜουρατιδης Αναστασιος Κ _98276 |
|
| 942 | _cBK | ||
| 999 |
_c7502 _d7502 |
||